00382nam a2200133Ia 4500008004100000020001500041041001200056100002100068245010000089250000800189260002500197300000800222650001800230221030s9999 xx 000 0 und d a8120348967 aEnglish aT. A. Adikesavan 0aManagement Information Systems : Best Practices & Applications in Businesscby T. A. Adikesavan a2nd bPHIaNew Delhic2014 a396 aMBA Computers